| 000 | 00521nam a22001817a 4500 | ||
|---|---|---|---|
| 999 |
_c188672 _d188672 |
||
| 005 | 20220601110359.0 | ||
| 010 | _aENG-132904 | ||
| 020 | _c450.00 | ||
| 035 | _aEN-116436 | ||
| 037 | _bDBAD/PUB | ||
| 082 | _a340.092 | ||
| 100 | _aRao, R. Venkata | ||
| 245 |
_aLaw, Justice and Human Values/ _cR. Venkata Rao |
||
| 260 |
_aVisakhapatnam _bCentre for Policy Studies & Viskhapatnam Public Library _c2018 |
||
| 270 | _bVisakhapatnam | ||
| 300 |
_a144p. _c21cm(pbk) |
||
| 942 |
_2ddc _cEN _h340.092 _mRAO |
||